Представление документа в формате MARC21

ПолеНазваниеЗначение
  Тип записи a
  Библиографический уровень m
001 Контрольный номер RU/URAIT/590556
005 Дата корректировки 20260429163649.6
008 Кодируемые данные 260429s2026 RU y f j 000 0 rus u
020 Индекс ISBN __
a ISBN 978-5-534-16143-4
c Цена, тираж 1099.00
040 Источник каталогиз. __
a Служба первич. каталог. ИКО Юрайт
c Служба, преобразующая запись ИКО Юрайт
e Правила каталог. RCR
041 Код языка издания __
a Код языка текста rus
044 Код страны публикации __
a Код страны публикации RU
080 Индекс УДК __
a Индекс УДК 159.97(075.8)
084 Индекс другой классификации/Индекс ББК __
2 Источник индекса rubbk
a Индекс другой классификации/Индекс ББК 88.4я73
100 Автор __
a Автор Алёхин А. Н.
q Полное имя Алёхин Анатолий Николаевич
245 Заглавие __
a Заглавие Распознавание психических расстройств в психологической практике
b Продолж. заглавия учебник для вузов
c Ответственность А. Н. Алёхин, М. В. Пеккер.
250 Сведения об издании __
g пер. и доп
a Основные сведения об издании 2-е изд.
256 Характеристики компьютерного файла __
a Характеристики компьютерного файла Электрон. дан.
260 Выходные данные __
a Место издания Москва
b Издательство Юрайт
c Дата издания 2026
300 Физическое описание __
a Объем 187 с
440 Серия __
a Серия Высшее образование
500 Примечания __
a Примечание URL: https://urait.ru/bcode/590556 (дата обращения: 29.04.2026).
520 Аннотация __
a Аннотация В курсе изложены базовые сведения об истории и современном состоянии психопатологии как отрасли клинической и психологической практик, научные взгляды на причины и феноменологию наиболее распространенных психических расстройств. Представлена систематика психопатологических синдромов и психических заболеваний, рассматриваются основные подходы к их распознаванию и общие указания по дифференциальной диагностике. Особое внимание уделено проблеме разграничения психопатологических симптомов, с одной стороны, и условно нормального своеобразия поведения и переживаний человека, испытывающего психологические трудности, с другой стороны. Курс существенно дополнен материалом частной патологии, с которой рано или поздно сталкивается любой практический психолог (хронические бредовые расстройства, расстройства личности, пограничный уровень умственной отсталости). К тому же к настоящему моменту осуществляется переход к новой классификации болезней МКБ-11, и эти нюансы квалификации нашли отражение в курсе. Существенно переработан раздел о нормативно-правовом регулировании деятельности психологов в учреждениях здравоохранения. Соответствует актуальным требованиям федерального государственного образовательного стандарта высшего образования. Для студентов и аспирантов, обучающихся психологии, консультирующих психологов, а также других специалистов, содержание профессиональной деятельности которых предполагает оказание квалифицированной помощи людям с трудностями адаптации.
538 Прим. о системных особенностях __
a Прим. о системных особенностях Режим доступа: Электронно-библиотечная система Юрайт, для авториз. пользователей
653 Ключевые слова __
a Ключевые слова Клиническая и медицинская психология. Патопсихология. Психиатрия
653 Ключевые слова __
a Ключевые слова Медицина и фармакология
653 Ключевые слова __
a Ключевые слова Психопатология
653 Ключевые слова __
a Ключевые слова Расстройства личности
653 Ключевые слова __
a Ключевые слова Психосоматическая патология
653 Ключевые слова __
a Ключевые слова Психология и психопатология девиантного поведения
653 Ключевые слова __
a Ключевые слова Психопатология личности
653 Ключевые слова __
a Ключевые слова Основы психопатологии
653 Ключевые слова __
a Ключевые слова Общая психопатология
653 Ключевые слова __
a Ключевые слова Психопатология с клиникой интеллектуальных нарушений
653 Ключевые слова __
a Ключевые слова Психология невротических расстройств
653 Ключевые слова __
a Ключевые слова Методы обследования пациентов с психическими расстройствами
653 Ключевые слова __
a Ключевые слова Общая психопатология. Психические расстройства и расстройства поведения
653 Ключевые слова __
a Ключевые слова Психические заболевания
653 Ключевые слова __
a Ключевые слова Психогенные переживания и расстройства
653 Ключевые слова __
a Ключевые слова Психология лиц с расстройствами аутистического спектра
653 Ключевые слова __
a Ключевые слова Психопатология неврозов и расстройства личности
653 Ключевые слова __
a Ключевые слова Дифференциальная психопатология
653 Ключевые слова __
a Ключевые слова Общая психопатология и методы исследования
653 Ключевые слова __
a Ключевые слова Основы психопатологии, неврологических и соматических нарушений
653 Ключевые слова __
a Ключевые слова Эндогенные и экзогенные психические расстройства
653 Ключевые слова __
a Ключевые слова Психология лиц с расстройствами эмоционально -волевой сферы и поведения
653 Ключевые слова __
a Ключевые слова Педагогическая деятельность по реализации адаптированных образовательных программ дошкольного образования и организации развивающей деятельности для детей с ограниченными возможностями здоровья и/или инвалидностью в группах разной направленности
700 Другие авторы __
a Другие авторы Пеккер М. В.
q Полное имя Пеккер Мария Валерьевна
856 Электронный адрес документа 40
n Местонахождение сервера Юрайт
g Электронная книга
q Тип электронного формата html
h Имя пользователя ЮРАЙТ
v Часы доступа к ресурсу 20271231
2 Способ доступа Показать документ
x Служебное примечание https://urait.ru/book/cover/A1BBA372-0C92-4C2A-A086-51A8F4715F95
u URL https://urait.ru/bcode/590556
856 Электронный адрес документа 48
q Тип электронного формата cover
u URL https://urait.ru/book/cover/A1BBA372-0C92-4C2A-A086-51A8F4715F95
911 __
u 0030=https://urait.ru/bcode/590556
911 __
u 073a=9785534161434
u 073d=1099.00
911 __
u 106a=s
911 __
u 900l=
952 Тип литературы __
i Дисциплина Психопатология
952 Тип литературы __
i Дисциплина Расстройства личности
952 Тип литературы __
i Дисциплина Психосоматическая патология
952 Тип литературы __
i Дисциплина Психология и психопатология девиантного поведения
952 Тип литературы __
i Дисциплина Психопатология личности
952 Тип литературы __
i Дисциплина Основы психопатологии
952 Тип литературы __
i Дисциплина Общая психопатология
952 Тип литературы __
i Дисциплина Психопатология с клиникой интеллектуальных нарушений
952 Тип литературы __
i Дисциплина Психология невротических расстройств
952 Тип литературы __
i Дисциплина Методы обследования пациентов с психическими расстройствами
952 Тип литературы __
i Дисциплина Общая психопатология. Психические расстройства и расстройства поведения
952 Тип литературы __
i Дисциплина Психические заболевания
952 Тип литературы __
i Дисциплина Психогенные переживания и расстройства
952 Тип литературы __
i Дисциплина Психология лиц с расстройствами аутистического спектра
952 Тип литературы __
i Дисциплина Психопатология неврозов и расстройства личности
952 Тип литературы __
i Дисциплина Дифференциальная психопатология
952 Тип литературы __
i Дисциплина Общая психопатология и методы исследования
952 Тип литературы __
i Дисциплина Основы психопатологии, неврологических и соматических нарушений
952 Тип литературы __
i Дисциплина Эндогенные и экзогенные психические расстройства
952 Тип литературы __
i Дисциплина Психология лиц с расстройствами эмоционально -волевой сферы и поведения
952 Тип литературы __
i Дисциплина Педагогическая деятельность по реализации адаптированных образовательных программ дошкольного образования и организации развивающей деятельности для детей с ограниченными возможностями здоровья и/или инвалидностью в группах разной направленности